00575nam a22002057a 450000500170000001000110001702000100002803500110003803700160004904000120006508200160007710000220009324500840011526000380019927000380023730000200027550000340029565000140032965000260034320170124110022.0 a114981 c20.00 a114981 bCen Lib/Ret aDPLbEN a336.26bPRE aPrem, Daulat Ram  aLaw of municipal taxation, octroi and terminal tax, 1957 /cby Daulat Ram Prem  aNew DelhibArora Law House c1955 aajmerigate extentions bNew Delhi a236p.c21cm(Hb) aincludes appendix and index  aTaxation  aMuncipal corporation